|
|
|
|
| LEADER |
00000nam0a2200000 4500 |
| 001 |
306640 |
| 005 |
20231102001920.0 |
| 035 |
|
|
|a (RuTPU)RU\TPU\book\331917
|
| 090 |
|
|
|a 306640
|
| 100 |
|
|
|a 20151009d1983 m y0rusy50 ca
|
| 101 |
0 |
|
|a rus
|
| 102 |
|
|
|a RU
|
| 105 |
|
|
|a a z 101zy
|
| 200 |
1 |
|
|a VII советско-японский семинар по катализу, Иркутск, 1-7 июля 1983 г.
|e сборник докладов
|f Академия наук СССР (АН СССР), Сибирское отделение (СО), Институт катализа им. Г. К. Борескова (ИК) ; Иркутский государственный университет (ИрГУ) ; под ред. А. А. Давыдова
|
| 210 |
|
|
|a Новосибирск
|c Изд-во Ин-та катализа СО АН СССР
|d 1983
|
| 215 |
|
|
|a 242 с.
|c ил.
|
| 320 |
|
|
|a Библиогр. в конце докл.
|
| 606 |
1 |
|
|a Катализ
|2 stltpush
|3 (RuTPU)RU\TPU\subj\69436
|9 84287
|
| 610 |
1 |
|
|a адсорбция
|
| 610 |
1 |
|
|a поверхности
|
| 610 |
1 |
|
|a физико-химические исследования
|
| 610 |
1 |
|
|a поверхностные явления
|
| 610 |
1 |
|
|a катализаторы
|
| 610 |
1 |
|
|a строение
|
| 610 |
1 |
|
|a свойства
|
| 610 |
1 |
|
|a каталитические реакции
|
| 610 |
1 |
|
|a семинары
|
| 675 |
|
|
|a 544.47(063)
|v 3
|
| 702 |
|
1 |
|a Давыдов
|b А. А.
|4 340
|
| 712 |
0 |
2 |
|a Академия наук СССР (АН СССР)
|b Сибирское отделение (СО)
|b Институт катализа им. Г. К. Борескова (ИК)
|c (Новосибирск)
|2 stltpush
|3 (RuTPU)RU\TPU\col\11571
|
| 712 |
0 |
2 |
|a Иркутский государственный университет (ИрГУ)
|2 stltpush
|3 (RuTPU)RU\TPU\col\273
|
| 712 |
1 |
2 |
|a советско-японский семинар по катализу
|d 7
|e Иркутск
|f 1983
|4 570
|
| 801 |
|
1 |
|a RU
|b 63413507
|c 20151009
|
| 801 |
|
2 |
|a RU
|b 63413507
|c 20190604
|g RCR
|
| 942 |
|
|
|c BK
|